<?xml version='1.0' encoding='UTF-8'?>
  <record xmlns="http://www.loc.gov/MARC21/slim">
    <leader>00000cam a2200000 i 4500</leader>
    <controlfield tag="001">ocn905416085</controlfield>
    <controlfield tag="003">OCoLC</controlfield>
    <controlfield tag="005">20240507132630.0</controlfield>
    <controlfield tag="008">861020s1934    ne       m    000 0 dut d</controlfield>
    <datafield tag="040" ind1=" " ind2=" ">
      <subfield code="a">NLGGC</subfield>
      <subfield code="b">dut</subfield>
      <subfield code="e">fobidrtb</subfield>
      <subfield code="c">NLGGC</subfield>
      <subfield code="d">L2U</subfield>
      <subfield code="d">OCLCO</subfield>
      <subfield code="d">OCLCL</subfield>
      <subfield code="d">OCLCQ</subfield>
    </datafield>
    <datafield tag="029" ind1="0" ind2=" ">
      <subfield code="a">NLGGC</subfield>
      <subfield code="b">864623941</subfield>
    </datafield>
    <datafield tag="035" ind1=" " ind2=" ">
      <subfield code="a">(OCoLC)905416085</subfield>
    </datafield>
    <datafield tag="050" ind1=" " ind2="4">
      <subfield code="a">PA4417</subfield>
      <subfield code="b">.K28</subfield>
    </datafield>
    <datafield tag="082" ind1="0" ind2="4">
      <subfield code="a">882.24</subfield>
      <subfield code="2">20</subfield>
    </datafield>
    <datafield tag="084" ind1=" " ind2=" ">
      <subfield code="a">18.43</subfield>
      <subfield code="2">bcl</subfield>
    </datafield>
    <datafield tag="100" ind1="1" ind2=" ">
      <subfield code="a">Kamerbeek, Jan Coenraad,</subfield>
      <subfield code="d">1907-1998.</subfield>
      <subfield code="1">https://id.oclc.org/worldcat/entity/E39PBJrKYfvPQx7h3W4H4tQTHC</subfield>
    </datafield>
    <datafield tag="245" ind1="1" ind2="0">
      <subfield code="a">Studiën over Sophocles /</subfield>
      <subfield code="c">door Jan Coenraad Kamerbeek.</subfield>
    </datafield>
    <datafield tag="260" ind1=" " ind2=" ">
      <subfield code="a">Amsterdam :</subfield>
      <subfield code="b">Paris,</subfield>
      <subfield code="c">1934.</subfield>
    </datafield>
    <datafield tag="300" ind1=" " ind2=" ">
      <subfield code="a">[x], 132 p. ;</subfield>
      <subfield code="c">25 cm. +</subfield>
      <subfield code="e">stellingen.</subfield>
    </datafield>
    <datafield tag="336" ind1=" " ind2=" ">
      <subfield code="a">tekst</subfield>
      <subfield code="b">txt</subfield>
      <subfield code="2">rdacontent/dut</subfield>
    </datafield>
    <datafield tag="337" ind1=" " ind2=" ">
      <subfield code="a">zonder medium</subfield>
      <subfield code="b">n</subfield>
      <subfield code="2">rdamedia/dut</subfield>
    </datafield>
    <datafield tag="338" ind1=" " ind2=" ">
      <subfield code="a">band</subfield>
      <subfield code="b">nc</subfield>
      <subfield code="2">rdacarrier/dut</subfield>
    </datafield>
    <datafield tag="340" ind1=" " ind2=" ">
      <subfield code="k">stellingen.</subfield>
    </datafield>
    <datafield tag="502" ind1=" " ind2=" ">
      <subfield code="a">Proefschrift Utrecht.</subfield>
    </datafield>
    <datafield tag="530" ind1=" " ind2=" ">
      <subfield code="a">Titel is gedigitaliseerd voor de Koninklijke Bibliotheek in het kader van Metamorfoze.</subfield>
    </datafield>
    <datafield tag="600" ind1="0" ind2="4">
      <subfield code="a">Sophocles,</subfield>
      <subfield code="d">ca. 496-406 v.Chr.</subfield>
      <subfield code="0">(NL-LeOCL)067926851</subfield>
    </datafield>
    <datafield tag="600" ind1="1" ind2="4">
      <subfield code="a">Wilamowitz-Moellendorff, Tycho von,</subfield>
      <subfield code="d">1885-1914.</subfield>
      <subfield code="0">(NL-LeOCL)110807359</subfield>
    </datafield>
    <datafield tag="650" ind1=" " ind2="7">
      <subfield code="a">18.43 ancient Greek literature.</subfield>
      <subfield code="0">(NL-LeOCL)077612191</subfield>
      <subfield code="2">bcl</subfield>
    </datafield>
    <datafield tag="650" ind1="1" ind2="7">
      <subfield code="a">Philoctetes (Sophocles)</subfield>
      <subfield code="2">gtt</subfield>
      <subfield code="0">(NL-LeOCL)126225036</subfield>
    </datafield>
    <datafield tag="650" ind1="1" ind2="7">
      <subfield code="a">Electra (Sophocles)</subfield>
      <subfield code="2">gtt</subfield>
      <subfield code="0">(NL-LeOCL)120992620</subfield>
    </datafield>
    <datafield tag="650" ind1="1" ind2="7">
      <subfield code="a">Aias (Sophocles)</subfield>
      <subfield code="2">gtt</subfield>
      <subfield code="0">(NL-LeOCL)126256233</subfield>
    </datafield>
    <datafield tag="650" ind1="1" ind2="7">
      <subfield code="a">Tragedies.</subfield>
      <subfield code="2">gtt</subfield>
      <subfield code="0">(NL-LeOCL)078692652</subfield>
    </datafield>
    <datafield tag="650" ind1="1" ind2="7">
      <subfield code="a">Toneelstukken.</subfield>
      <subfield code="2">gtt</subfield>
      <subfield code="0">(NL-LeOCL)088956725</subfield>
    </datafield>
    <datafield tag="600" ind1="0" ind2="7">
      <subfield code="a">Sophocles,</subfield>
      <subfield code="d">ca. 496-406 v.Chr.</subfield>
      <subfield code="0">(NL-LeOCL)067926851</subfield>
      <subfield code="2">nta</subfield>
    </datafield>
    <datafield tag="600" ind1="1" ind2="7">
      <subfield code="a">Wilamowitz-Moellendorff, Tycho von,</subfield>
      <subfield code="d">1885-1914.</subfield>
      <subfield code="0">(NL-LeOCL)110807359</subfield>
      <subfield code="2">nta</subfield>
    </datafield>
    <datafield tag="655" ind1=" " ind2="7">
      <subfield code="a">Proefschriften (vorm)</subfield>
      <subfield code="2">gtt</subfield>
      <subfield code="0">(NL-LeOCL)088144445</subfield>
    </datafield>
    <datafield tag="758" ind1=" " ind2=" ">
      <subfield code="a">Studiën over Sophocles (Text)</subfield>
      <subfield code="1">https://id.oclc.org/worldcat/entity/E39PCGTJqBq4DrTbRqD9TG6cbm</subfield>
      <subfield code="4">https://id.oclc.org/worldcat/ontology/hasWork</subfield>
    </datafield>
    <datafield tag="776" ind1="0" ind2=" ">
      <subfield code="t">Studiën over Sophocles</subfield>
      <subfield code="w">(NL-LeOCL)395195357</subfield>
    </datafield>
    <datafield tag="936" ind1=" " ind2=" ">
      <subfield code="a">BATCHLOAD</subfield>
    </datafield>
  </record>